000 00793nam a2200205 i 4500
001 27914
003 ES-MaACL
005 20250918063024.0
007 t|
008 030115s1910 sp ||||1| spa d
100 1 _aBalbín de Unquera, Antonio,
_d1842-1919
_924846
245 1 0 _aAndrés Bello
_b: su época y sus obras : homenaje de la Unión Ibero Americana a las Repúblicas latinas de América en el primer centenario de su independencia 1910 /
_cpor Antonio Balbin de Unquera.
260 _aMadrid :
_bHijos de M. G. Hernández,
_c1910.
300 _aXI, 324 p., 1 lám. ;
_c26 cm.
500 _aLámina con el retr. de Andres Bello.
600 0 4 _aBello, Andrés.
_927233
710 2 _aUnión Ibero-Americana.
_97037
852 _aES-MaACL
_jG-6682
999 _c27914
_d27914